| 000 | 00446cam a22001577a 4500 | ||
|---|---|---|---|
| 008 | 180718b1997 xxu||||| |||| 00| 0 eng d | ||
| 020 | _a1857287509 | ||
| 082 | _aB253 H618/c.2 | ||
| 100 | _aHirst, Paul | ||
| 245 |
_aFrom statism to pluralism: democracy, civil society and global politics _cby Paul Hirst |
||
| 260 |
_aLondon _bUCL Press _c1997 |
||
| 300 | _a260p. | ||
| 650 | _aPost-communism | ||
| 650 | _aCivil society | ||
| 650 | _aDemocracy | ||
| 999 |
_c384828 _d384828 |
||